| 000 | 01133nam a2200253Ia 4500 | ||
|---|---|---|---|
| 005 | 20240222150818.0 | ||
| 008 | 130821s2005 sp ab gr spa | ||
| 020 | _a84 86684 33 1 | ||
| 040 |
_aCo-BoUCM _bspa _cDavid Moreno (modificó) _dDavid Moreno (modificó) |
||
| 041 | 0 | 0 | _aspa |
| 100 | 1 |
_aSuris, José María _9180070 |
|
| 245 | 1 | 0 |
_aGestión medioambiental en la industria _bclaves para hacer sostenible y rentable la gestión medioambiental en la industria _cJosé M. Suris ; prólogo de Valero López Villalba ; con la colaboración del Parque Tecnológico de Reciclado López Soria |
| 260 |
_aBarcelona, ES _bICG Marge _c2005 |
||
| 300 |
_a247 Páginas _bilustraciones, mapas, cuadros |
||
| 490 | 0 | _aColección Gestiona | |
| 650 | 1 | 7 |
_aConservación de los recursos naturales _911659 |
| 650 | 1 | 7 |
_aDesarrollo sostenible _912992 |
| 650 | 1 | 7 |
_aMedio ambiente _919225 |
| 650 | 1 | 7 |
_aPolítica ambiental _921917 |
| 700 | 1 |
_aLópez Villalba, Valero _9180071 |
|
| 710 | 1 |
_aParque Tecnológico de Reciclado López Soriano _9180072 |
|
| 942 |
_cLIBRO _a7 _e1 _mS961g _2DEWEY _h333.72 _n0 |
||
| 999 |
_c73669 _d73669 |
||